<?xml version="1.0" encoding="UTF-8"?>
<marc:record xmlns:marc="http://www.loc.gov/MARC21/slim">
   <marc:leader>00000nam a2200000 a 4500</marc:leader>
   <marc:datafield ind1="1" ind2=" " tag="100">
      <marc:subfield code="a">Atwater, Olivia</marc:subfield>
      <marc:subfield code="4">aut</marc:subfield>
      <marc:subfield code="e">Verfasser/-in</marc:subfield>
   </marc:datafield>
   <marc:datafield ind1="1" ind2=" " tag="100">
      <marc:subfield code="a">Attwood, Doris</marc:subfield>
      <marc:subfield code="4">trl</marc:subfield>
      <marc:subfield code="e">Übersetzer/-in</marc:subfield>
   </marc:datafield>
   <marc:datafield ind1="0" ind2="0" tag="245">
      <marc:subfield code="a">Die Lady und der Lord Magier</marc:subfield>
   </marc:datafield>
   <marc:datafield ind1="0" ind2="0" tag="245">
      <marc:subfield code="c">Olivia Atwater ; Übersetzung aus dem kanadischen Englisch von Doris Attwood</marc:subfield>
   </marc:datafield>
   <marc:datafield ind1=" " ind2="1" tag="264">
      <marc:subfield code="a">München</marc:subfield>
      <marc:subfield code="b">cbj</marc:subfield>
      <marc:subfield code="c">2022</marc:subfield>
   </marc:datafield>
   <marc:datafield ind1="1" ind2=" " tag="490">
      <marc:subfield code="a">True Crown</marc:subfield>
      <marc:subfield code="v">1</marc:subfield>
   </marc:datafield>
   <marc:datafield ind1=" " ind2=" " tag="250">
      <marc:subfield code="a">1. Auflage</marc:subfield>
   </marc:datafield>
   <marc:datafield ind1="1" ind2=" " tag="520">
      <marc:subfield code="a">Angaben aus der Verlagsmeldung &lt;br/&gt;&lt;br/&gt; &lt;br/&gt;&lt;br/&gt;  True Crown - Die Lady und der Lord Magier : Der Auftakt der romantischen Regency-Bestseller-Trilogie. Mit wunderschön farbig gestaltetem Buchschnitt in limitierter Erstauflage The Regency Faerie Tales #1  Half a Soul / von Olivia Atwater &lt;br/&gt;&lt;br/&gt; &lt;br/&gt;&lt;br/&gt; Ein Mädchen ohne Furcht und Schüchternheit  welch ein Skandal!&lt;br/&gt; &lt;br/&gt;&lt;br/&gt; &lt;br/&gt;Theodora Ettings, im Kindesalter von einem Elf der Hälfte ihrer Seele beraubt, kennt weder Furcht, Scham noch Schüchternheit oder was man sonst so von einer britischen Debütantin des 19. Jahrhunderts erwarten dürfte. Dass sie sich von all den anderen jungen Ladies so abhebt, ist ihrer Familie ein Graus. Doch gerade Doras unkonventionelles Verhalten erregt die Aufmerksamkeit des Lord Magiers des Königreichs, als sie im Gefolge ihrer Familie in der Londoner Gesellschaft auftaucht. Dora stürzt die Freundschaft mit dem umstrittenen Lord Magier allerdings bald in ein Dilemma, kann diese sie doch endgültig zum gesellschaftlichen Outcast machen. Aber noch hat sie die Hoffnung nicht verloren, dass es ihm vielleicht gelingt, sie wieder zu heilen. Oder kann man etwa doch mit einer halben Seele aus vollem Herzen lieben?&lt;br/&gt;&lt;br/&gt; Der Auftakt der mitreißenden Regency-Romance-Reihe der Bestseller-Autorin Olivia Atwater. Mit wunderschön farbig gestaltetem Buchschnitt exklusiv in limitierter Erstauflage.&lt;br/&gt;  &lt;br/&gt; &lt;br/&gt;&lt;br/&gt; Die Bände der »True Crown«-Reihe: &lt;br/&gt;&lt;br/&gt; &lt;br/&gt;&lt;br/&gt;True Crown - Die Lady und der Lord Magier (Band 1) &lt;br/&gt;&lt;br/&gt;True Crown - Der Mantel des Elfen-Lords (Band 2) &lt;br/&gt;&lt;br/&gt;True Crown - Das Duell mit dem dunklen Magier (Band 3)</marc:subfield>
   </marc:datafield>
   <marc:datafield ind1=" " ind2=" " tag="020">
      <marc:subfield code="a">9783570166703</marc:subfield>
      <marc:subfield code="9">9783570166703</marc:subfield>
   </marc:datafield>
   <marc:datafield ind1=" " ind2=" " tag="041">
      <marc:subfield code="a">ger</marc:subfield>
   </marc:datafield>
   <marc:datafield ind1="1" ind2=" " tag="521">
      <marc:subfield code="a">0</marc:subfield>
   </marc:datafield>
   <marc:datafield ind1=" " ind2=" " tag="300">
      <marc:subfield code="a">349 Seiten</marc:subfield>
   </marc:datafield>
</marc:record>
